[Event "Hoogeveen Open"]
[Site "Hoogeveen, Netherlands"]
[Date "2018.10.27"]
[Round "9.1"]
[White "Pruijssers, Roeland"]
[Black "Beerdsen, Thomas"]
[Result "1/2-1/2"]
[WhiteElo "2501"]
[BlackElo "2460"]

1. e4 {[%clk 01:30:57]} {[%emt 00:00:02]} c5 {[%clk 01:30:54]} {[%emt
00:00:06]} 2. Nf3 {[%clk 01:31:19]} {[%emt 00:00:09]} d6 {[%clk 01:31:19]}
{[%emt 00:00:05]} 3. d4 {[%clk 01:31:44]} {[%emt 00:00:05]} cxd4 {[%clk
01:31:45]} {[%emt 00:00:04]} 4. Nxd4 {[%clk 01:32:08]} {[%emt 00:00:06]} Nf6
{[%clk 01:32:10]} {[%emt 00:00:05]} 5. Nc3 {[%clk 01:32:31]} {[%emt 00:00:07]}
a6 {[%clk 01:32:36]} {[%emt 00:00:04]} 6. Be3 {[%clk 01:32:14]} {[%emt
00:00:46]} Ng4 {[%clk 01:33:02]} {[%emt 00:00:05]} 7. Bc1 {[%clk 01:31:00]}
{[%emt 00:01:45]} Nc6 {[%clk 01:33:24]} {[%emt 00:00:08]} 8. Be2 {[%clk
01:21:49]} {[%emt 00:09:40]} Qb6 {[%clk 01:33:15]} {[%emt 00:00:40]} 9. Bxg4
{[%clk 01:20:09]} {[%emt 00:02:10]} Bxg4 {[%clk 01:33:39]} {[%emt 00:00:05]} 10.
Qxg4 {[%clk 01:20:32]} {[%emt 00:00:06]} Qxd4 {[%clk 01:33:58]} {[%emt
00:00:11]} 11. O-O {[%clk 01:17:09]} {[%emt 00:03:52]} e6 {[%clk 01:34:20]}
{[%emt 00:00:09]} 12. Be3 {[%clk 01:06:02]} {[%emt 00:11:38]} Qb4 {[%clk
01:34:41]} {[%emt 00:00:09]} 13. Rab1 {[%clk 01:05:44]} {[%emt 00:00:48]} Ne5
{[%clk 01:31:07]} {[%emt 00:04:04]} 14. Qe2 {[%clk 01:02:50]} {[%emt 00:03:24]}
Rc8 {[%clk 01:24:20]} {[%emt 00:07:17]} 15. Rfd1 {[%clk 00:59:47]} {[%emt
00:03:33]} Qc4 {[%clk 01:24:05]} {[%emt 00:00:45]} 16. Qe1 {[%clk 00:53:05]}
{[%emt 00:07:13]} Be7 {[%clk 01:18:08]} {[%emt 00:06:27]} 17. f4 {[%clk
00:50:20]} {[%emt 00:03:15]} Ng4 {[%clk 01:12:46]} {[%emt 00:05:52]} 18. Bd4
{[%clk 00:46:22]} {[%emt 00:04:29]} Bf6 {[%clk 01:00:29]} {[%emt 00:12:47]} 19.
Bxf6 {[%clk 00:45:03]} {[%emt 00:01:48]} gxf6 {[%clk 00:58:09]} {[%emt
00:02:49]} 20. Qd2 {[%clk 00:42:16]} {[%emt 00:03:18]} Rc6 {[%clk 00:56:29]}
{[%emt 00:02:10]} 21. Rf1 {[%clk 00:28:01]} {[%emt 00:14:45]} b5 {[%clk
00:48:20]} {[%emt 00:08:39]} 22. a3 {[%clk 00:24:25]} {[%emt 00:04:07]} Qc5+
{[%clk 00:42:06]} {[%emt 00:06:44]} 23. Kh1 {[%clk 00:24:52]} {[%emt 00:00:02]}
Ne3 {[%clk 00:39:47]} {[%emt 00:02:50]} 24. Rf3 {[%clk 00:24:50]} {[%emt
00:00:32]} Nc4 {[%clk 00:40:10]} {[%emt 00:00:07]} 25. Qe2 {[%clk 00:24:36]}
{[%emt 00:00:44]} Rc7 {[%clk 00:35:12]} {[%emt 00:05:27]} 26. Nd1 {[%clk
00:19:10]} {[%emt 00:05:56]} Ke7 {[%clk 00:31:53]} {[%emt 00:03:49]} 27. Nf2
{[%clk 00:19:22]} {[%emt 00:00:17]} Qh5 {[%clk 00:29:56]} {[%emt 00:02:27]} 28.
Nd3 {[%clk 00:18:55]} {[%emt 00:00:57]} Rhc8 {[%clk 00:24:53]} {[%emt
00:05:33]} 29. c3 {[%clk 00:16:25]} {[%emt 00:03:01]} f5 {[%clk 00:24:47]}
{[%emt 00:00:35]} 30. Rd1 {[%clk 00:14:29]} {[%emt 00:02:26]} Rd7 {[%clk
00:21:45]} {[%emt 00:03:32]} 31. Qe1 {[%clk 00:11:52]} {[%emt 00:03:07]} fxe4
{[%clk 00:20:18]} {[%emt 00:01:57]} 32. Qxe4 {[%clk 00:12:20]} {[%emt
00:00:02]} d5 {[%clk 00:17:44]} {[%emt 00:03:04]} 33. Qd4 {[%clk 00:10:40]}
{[%emt 00:02:09]} Nd6 {[%clk 00:17:59]} {[%emt 00:00:15]} 34. Ne5 {[%clk
00:10:12]} {[%emt 00:00:59]} Rdc7 {[%clk 00:17:09]} {[%emt 00:01:20]} 35. f5
{[%clk 00:07:43]} {[%emt 00:03:00]} Nxf5 {[%clk 00:16:33]} {[%emt 00:01:06]} 36.
Qb4+ {[%clk 00:08:06]} {[%emt 00:00:07]} Ke8 {[%clk 00:16:46]} {[%emt
00:00:17]} 37. Re1 {[%clk 00:06:45]} {[%emt 00:01:51]} Qh4 {[%clk 00:15:12]}
{[%emt 00:02:04]} 38. c4 {[%clk 00:07:14]} {[%emt 00:00:01]} Rxc4 {[%clk
00:09:31]} {[%emt 00:06:12]} 39. Nxc4 {[%clk 00:07:14]} {[%emt 00:00:29]} Rxc4
{[%clk 00:09:52]} {[%emt 00:00:09]} 40. Qa5 {[%clk 00:04:01]} {[%emt 00:03:43]}
Re4 {[%clk 00:03:31]} {[%emt 00:06:51]} 41. Rg1 {[%clk 00:03:13]} {[%emt
00:01:18]} Ra4 {[%clk 00:28:51]} {[%emt 00:05:10]} 42. Qc7 {[%clk 00:32:32]}
{[%emt 00:01:11]} Qe7 {[%clk 00:27:06]} {[%emt 00:02:14]} 43. Qe5 {[%clk
00:29:43]} {[%emt 00:03:19]} Re4 {[%clk 00:26:55]} {[%emt 00:00:41]} 44. Qb8+
{[%clk 00:29:48]} {[%emt 00:00:25]} Qd8 {[%clk 00:27:18]} {[%emt 00:00:07]} 45.
Qb7 {[%clk 00:28:24]} {[%emt 00:01:55]} Qd6 {[%clk 00:26:52]} {[%emt 00:00:56]}
46. Rh3 {[%clk 00:26:03]} {[%emt 00:02:50]} h6 {[%clk 00:23:06]} {[%emt
00:04:16]} 47. b3 {[%clk 00:23:54]} {[%emt 00:02:40]} Kf8 {[%clk 00:19:56]}
{[%emt 00:03:40]} 48. Qa8+ {[%clk 00:20:51]} {[%emt 00:03:34]} Ke7 {[%clk
00:18:32]} {[%emt 00:01:53]} 49. Qa7+ {[%clk 00:14:24]} {[%emt 00:06:57]} Kf8
{[%clk 00:17:30]} {[%emt 00:01:31]} 50. Qa8+ {[%clk 00:14:44]} {[%emt
00:00:10]} Ke7 {[%clk 00:17:56]} {[%emt 00:00:05]} 51. Qa7+ {[%clk 00:15:06]}
{[%emt 00:00:08]} Kf8 {[%clk 00:18:19]} {[%emt 00:00:06]} 1/2-1/2

[Event "Hoogeveen Open"]
[Site "Hoogeveen, Netherlands"]
[Date "2018.10.27"]
[Round "9.2"]
[White "Karthikeyan, P."]
[Black "Buckels, Valentin"]
[Result "1/2-1/2"]
[WhiteElo "2443"]
[BlackElo "2413"]

1. c4 {[%clk 01:30:00]} {[%emt 00:00:59]} e6 {[%clk 01:30:31]} {[%emt
00:00:29]} 2. Nc3 {[%clk 01:30:24]} {[%emt 00:00:07]} Nf6 {[%clk 01:30:50]}
{[%emt 00:00:11]} 3. e4 {[%clk 01:30:47]} {[%emt 00:00:06]} d5 {[%clk
01:31:01]} {[%emt 00:00:20]} 4. e5 {[%clk 01:29:45]} {[%emt 00:01:33]} d4
{[%clk 01:31:20]} {[%emt 00:00:11]} 5. exf6 {[%clk 01:30:01]} {[%emt 00:00:13]}
dxc3 {[%clk 01:31:43]} {[%emt 00:00:07]} 6. bxc3 {[%clk 01:30:09]} {[%emt
00:00:22]} Qxf6 {[%clk 01:32:06]} {[%emt 00:00:07]} 7. Nf3 {[%clk 01:30:18]}
{[%emt 00:00:21]} Nc6 {[%clk 01:31:50]} {[%emt 00:00:47]} 8. d4 {[%clk
01:27:08]} {[%emt 00:03:40]} e5 {[%clk 01:32:01]} {[%emt 00:00:19]} 9. Be2
{[%clk 01:08:42]} {[%emt 00:18:56]} exd4 {[%clk 01:05:44]} {[%emt 00:26:47]} 10.
Bg5 {[%clk 01:02:01]} {[%emt 00:07:10]} Qd6 {[%clk 00:48:27]} {[%emt 00:17:47]}
11. cxd4 {[%clk 00:59:33]} {[%emt 00:02:58]} Be7 {[%clk 00:48:35]} {[%emt
00:00:21]} 12. Bxe7 {[%clk 00:42:22]} {[%emt 00:17:42]} Nxe7 {[%clk 00:48:30]}
{[%emt 00:00:35]} 13. O-O {[%clk 00:41:19]} {[%emt 00:01:34]} O-O {[%clk
00:48:49]} {[%emt 00:00:12]} 14. Qb3 {[%clk 00:39:36]} {[%emt 00:02:13]} b6
{[%clk 00:46:40]} {[%emt 00:02:39]} 15. c5 {[%clk 00:26:44]} {[%emt 00:13:22]}
bxc5 {[%clk 00:35:20]} {[%emt 00:11:50]} 16. dxc5 {[%clk 00:27:06]} {[%emt
00:00:08]} Qxc5 {[%clk 00:35:02]} {[%emt 00:00:49]} 17. Rac1 {[%clk 00:26:11]}
{[%emt 00:01:25]} Qb6 {[%clk 00:34:24]} {[%emt 00:01:08]} 18. Bc4 {[%clk
00:22:45]} {[%emt 00:03:55]} Nf5 {[%clk 00:31:10]} {[%emt 00:03:44]} 19. Qc2
{[%clk 00:19:22]} {[%emt 00:03:53]} Nd4 {[%clk 00:23:59]} {[%emt 00:07:41]} 20.
Nxd4 {[%clk 00:16:43]} {[%emt 00:03:09]} Qxd4 {[%clk 00:24:20]} {[%emt
00:00:10]} 21. Rfd1 {[%clk 00:16:06]} {[%emt 00:01:07]} Qe5 {[%clk 00:14:31]}
{[%emt 00:10:19]} 22. Bd5 {[%clk 00:13:54]} {[%emt 00:02:42]} Bg4 {[%clk
00:13:54]} {[%emt 00:01:06]} 23. f3 {[%clk 00:11:20]} {[%emt 00:03:04]} Bf5
{[%clk 00:14:11]} {[%emt 00:00:14]} 24. Qc5 {[%clk 00:09:52]} {[%emt 00:01:58]}
Rae8 {[%clk 00:14:00]} {[%emt 00:00:41]} 25. Qxa7 {[%clk 00:08:22]} {[%emt
00:02:00]} Be6 {[%clk 00:13:09]} {[%emt 00:01:21]} 26. Bc6 {[%emt 00:05:59]}
Rb8 {[%clk 00:10:36]} 27. Re1 {[%clk 00:02:22]} {[%emt 00:04:04]} Qd6 {[%clk
00:07:58]} {[%emt 00:03:08]} 28. Qf2 {[%clk 00:02:07]} {[%emt 00:00:44]} Qa3
{[%clk 00:07:49]} {[%emt 00:00:39]} 29. Rc2 {[%clk 00:02:07]} {[%emt 00:00:30]}
Rfd8 {[%clk 00:07:23]} {[%emt 00:00:56]} 30. Qe3 {[%clk 00:01:56]} {[%emt
00:00:41]} Rd3 {[%clk 00:07:00]} {[%emt 00:00:54]} 31. Qe5 {[%clk 00:01:03]}
{[%emt 00:01:24]} Qa7+ {[%clk 00:06:26]} {[%emt 00:01:03]} 32. Kh1 {[%clk
00:01:13]} {[%emt 00:00:19]} Ra3 {[%clk 00:06:08]} {[%emt 00:00:48]} 33. f4
{[%clk 00:00:34]} {[%emt 00:01:09]} g6 {[%clk 00:04:38]} {[%emt 00:02:00]} 34.
Bf3 {[%clk 00:00:34]} {[%emt 00:00:31]} Ra5 {[%clk 00:02:36]} {[%emt 00:02:32]}
35. Qxc7 {[%clk 00:00:43]} {[%emt 00:00:21]} Qxc7 {[%clk 00:02:53]} {[%emt
00:00:12]} 36. Rxc7 {[%clk 00:01:10]} {[%emt 00:00:02]} Rxa2 {[%clk 00:03:16]}
{[%emt 00:00:07]} 37. Rb7 {[%clk 00:00:34]} {[%emt 00:01:07]} Rd8 {[%clk
00:03:12]} {[%emt 00:00:33]} 38. Rb4 {[%clk 00:00:39]} {[%emt 00:00:25]} Rdd2
{[%clk 00:03:00]} {[%emt 00:00:42]} 39. Kg1 {[%clk 00:00:39]} {[%emt 00:00:30]}
h5 {[%clk 00:02:49]} {[%emt 00:00:41]} 40. h3 {[%clk 00:00:37]} {[%emt
00:00:32]} Ra3 {[%clk 00:02:18]} {[%emt 00:01:01]} 41. Re2 {[%clk 00:25:36]}
{[%emt 00:05:31]} Rxe2 {[%clk 00:29:01]} {[%emt 00:03:47]} 42. Bxe2 {[%clk
00:26:01]} {[%emt 00:00:05]} Ra1+ {[%clk 00:29:06]} {[%emt 00:00:26]} 43. Kh2
{[%clk 00:24:20]} {[%emt 00:02:10]} Bd5 {[%clk 00:29:10]} {[%emt 00:00:26]} 44.
Bc4 {[%clk 00:24:38]} {[%emt 00:00:12]} Bxc4 {[%clk 00:29:20]} {[%emt
00:00:21]} 1/2-1/2

[Event "Hoogeveen Open"]
[Site "Hoogeveen, Netherlands"]
[Date "2018.10.27"]
[Round "9.4"]
[White "Warmerdam, Max"]
[Black "Romanov, Evgeny"]
[Result "1/2-1/2"]
[WhiteElo "2417"]
[BlackElo "2614"]

1. e4 {[%clk 01:30:58]} g6 {[%clk 01:27:52]} {[%emt 00:03:09]} 2. d4 {[%clk
01:29:59]} {[%emt 00:01:29]} Bg7 {[%clk 01:28:16]} {[%emt 00:00:06]} 3. Nf3
{[%clk 01:30:24]} {[%emt 00:00:05]} c6 {[%clk 01:26:48]} {[%emt 00:01:59]} 4.
h3 {[%clk 01:30:16]} {[%emt 00:00:37]} d6 {[%clk 01:26:49]} {[%emt 00:00:30]} 5.
Bd3 {[%clk 01:26:32]} {[%emt 00:04:14]} Nf6 {[%clk 01:20:58]} {[%emt 00:06:21]}
6. O-O {[%clk 01:25:09]} {[%emt 00:01:53]} O-O {[%clk 01:21:22]} {[%emt
00:00:06]} 7. Re1 {[%clk 01:24:10]} {[%emt 00:01:29]} a5 {[%clk 01:20:50]}
{[%emt 00:01:02]} 8. Bf4 {[%clk 01:21:16]} {[%emt 00:03:23]} a4 {[%clk
01:18:54]} {[%emt 00:02:27]} 9. a3 {[%clk 01:05:48]} {[%emt 00:15:57]} Nbd7
{[%clk 01:17:23]} {[%emt 00:02:02]} 10. Bh2 {[%clk 01:04:54]} {[%emt 00:01:23]}
Ne8 {[%clk 01:12:17]} {[%emt 00:05:37]} 11. c3 {[%clk 01:02:21]} {[%emt
00:03:04]} e5 {[%clk 01:07:34]} {[%emt 00:05:12]} 12. Nbd2 {[%clk 00:57:50]}
{[%emt 00:05:01]} Qe7 {[%clk 01:06:02]} {[%emt 00:02:02]} 13. Nf1 {[%clk
00:55:40]} {[%emt 00:02:40]} Nc7 {[%clk 01:04:33]} {[%emt 00:01:59]} 14. Rc1
{[%clk 00:46:02]} {[%emt 00:10:08]} b5 {[%clk 00:59:38]} {[%emt 00:05:25]} 15.
Ne3 {[%clk 00:39:48]} {[%emt 00:06:45]} Rd8 {[%clk 00:59:10]} {[%emt 00:00:57]}
16. Bf1 {[%clk 00:37:23]} {[%emt 00:02:55]} Bb7 {[%clk 00:41:21]} {[%emt
00:18:19]} 17. c4 {[%clk 00:33:42]} {[%emt 00:04:11]} bxc4 {[%clk 00:35:36]}
{[%emt 00:06:15]} 18. Nxc4 {[%clk 00:29:37]} {[%emt 00:04:35]} Nb5 {[%clk
00:35:06]} {[%emt 00:01:00]} 19. d5 {[%clk 00:27:54]} {[%emt 00:02:13]} cxd5
{[%clk 00:30:51]} {[%emt 00:04:45]} 20. Ne3 {[%clk 00:27:22]} {[%emt 00:01:01]}
dxe4 {[%clk 00:25:48]} {[%emt 00:05:33]} 21. Bxb5 {[%clk 00:26:59]} {[%emt
00:00:53]} exf3 {[%clk 00:21:38]} {[%emt 00:04:40]} 22. Rc7 {[%clk 00:27:10]}
{[%emt 00:00:19]} Rab8 {[%clk 00:21:37]} {[%emt 00:00:32]} 23. Qxa4 {[%clk
00:25:35]} {[%emt 00:02:05]} Bc8 {[%clk 00:22:02]} {[%emt 00:00:06]} 24. Bg3
{[%clk 00:15:44]} {[%emt 00:10:21]} fxg2 {[%clk 00:18:44]} {[%emt 00:03:47]} 25.
Bc6 {[%clk 00:13:42]} {[%emt 00:02:32]} Qe6 {[%clk 00:16:11]} {[%emt 00:03:03]}
26. Qa7 {[%clk 00:12:04]} {[%emt 00:02:08]} Qxh3 {[%clk 00:13:08]} {[%emt
00:03:33]} 27. Bxg2 {[%clk 00:12:27]} {[%emt 00:00:07]} Qe6 {[%clk 00:13:22]}
{[%emt 00:00:16]} 28. b4 {[%clk 00:12:15]} {[%emt 00:00:42]} e4 {[%clk
00:10:36]} {[%emt 00:03:15]} 29. Bf1 {[%clk 00:12:02]} {[%emt 00:00:43]} d5
{[%clk 00:04:43]} {[%emt 00:06:24]} 30. Rxd7 {[%clk 00:08:23]} {[%emt
00:04:09]} Bxd7 {[%clk 00:05:11]} {[%emt 00:00:02]} 31. Bxb8 {[%clk 00:08:46]}
{[%emt 00:00:07]} Bc3 {[%clk 00:03:58]} {[%emt 00:01:43]} 32. Rd1 {[%clk
00:03:03]} {[%emt 00:06:14]} d4 {[%clk 00:04:20]} {[%emt 00:00:08]} 33. Rxd4
{[%clk 00:03:29]} {[%emt 00:00:04]} Bxd4 {[%clk 00:04:31]} {[%emt 00:00:19]} 34.
Qxd4 {[%clk 00:03:54]} {[%emt 00:00:05]} Rxb8 {[%clk 00:04:22]} {[%emt
00:00:39]} 35. Nd5 {[%clk 00:04:15]} {[%emt 00:00:10]} Bc6 {[%clk 00:02:18]}
{[%emt 00:02:34]} 36. Nf6+ {[%clk 00:04:32]} {[%emt 00:00:12]} Kf8 {[%clk
00:01:04]} {[%emt 00:01:44]} 37. Bc4 {[%clk 00:01:39]} {[%emt 00:03:23]} Qf5
{[%clk 00:00:47]} {[%emt 00:00:47]} 38. Qd6+ {[%clk 00:01:27]} {[%emt
00:00:42]} Kg7 {[%clk 00:01:15]} 39. Qxb8 {[%clk 00:01:38]} {[%emt 00:00:19]}
Qxf6 {[%clk 00:01:12]} {[%emt 00:00:34]} 40. b5 {[%clk 00:00:37]} {[%emt
00:01:31]} Qg5+ {[%clk 00:01:12]} {[%emt 00:00:29]} 41. Qg3 {[%clk 00:22:35]}
{[%emt 00:08:32]} Qc1+ {[%clk 00:29:32]} {[%emt 00:02:10]} 42. Bf1 {[%clk
00:22:44]} {[%emt 00:00:20]} Bxb5 {[%clk 00:27:00]} {[%emt 00:03:02]} 43. Qe5+
{[%clk 00:23:01]} {[%emt 00:00:13]} Kh6 {[%clk 00:27:24]} {[%emt 00:00:07]} 44.
Qxb5 {[%clk 00:21:47]} {[%emt 00:01:44]} Qxa3 {[%clk 00:27:39]} {[%emt
00:00:15]} 45. Qe5 {[%clk 00:18:44]} {[%emt 00:03:33]} f5 {[%clk 00:27:00]}
{[%emt 00:01:09]} 46. Qf4+ {[%clk 00:18:01]} {[%emt 00:01:13]} Kg7 {[%clk
00:27:21]} {[%emt 00:00:08]} 47. Qe5+ {[%clk 00:18:25]} {[%emt 00:00:06]} Kh6
{[%clk 00:27:43]} {[%emt 00:00:08]} 48. Qf4+ {[%clk 00:18:52]} {[%emt
00:00:03]} Kg7 {[%clk 00:28:07]} {[%emt 00:00:07]} 49. Qe5+ {[%clk 00:19:17]}
{[%emt 00:00:04]} 1/2-1/2

[Event "Hoogeveen Open"]
[Site "Hoogeveen, Netherlands"]
[Date "2018.10.27"]
[Round "9.5"]
[White "Iniyan, P"]
[Black "Shyaamnikhil, P"]
[Result "1-0"]
[WhiteElo "2476"]
[BlackElo "2429"]

1. d4 {[%clk 01:30:17]} {[%emt 00:00:42]} Nf6 {[%clk 01:26:53]} {[%emt
00:04:06]} 2. c4 {[%clk 01:30:42]} {[%emt 00:00:05]} g6 {[%clk 01:26:01]}
{[%emt 00:01:23]} 3. f3 {[%clk 01:29:18]} {[%emt 00:01:54]} c5 {[%clk
01:23:15]} {[%emt 00:03:17]} 4. d5 {[%clk 01:29:14]} {[%emt 00:00:33]} Bg7
{[%clk 01:21:51]} {[%emt 00:01:54]} 5. e4 {[%clk 01:29:36]} {[%emt 00:00:08]}
O-O {[%clk 01:21:11]} {[%emt 00:01:10]} 6. Nc3 {[%clk 01:29:04]} {[%emt
00:01:02]} d6 {[%clk 01:20:57]} {[%emt 00:00:43]} 7. Nge2 {[%clk 01:29:26]}
{[%emt 00:00:09]} a6 {[%clk 01:20:17]} {[%emt 00:01:10]} 8. a4 {[%clk
01:29:18]} {[%emt 00:00:38]} e6 {[%clk 01:17:46]} {[%emt 00:03:01]} 9. Ng3
{[%clk 01:29:40]} {[%emt 00:00:08]} exd5 {[%clk 01:17:36]} {[%emt 00:00:40]} 10.
cxd5 {[%clk 01:30:02]} {[%emt 00:00:08]} h5 {[%clk 01:15:28]} {[%emt 00:02:37]}
11. Bg5 {[%clk 01:19:49]} {[%emt 00:10:44]} Qe8 {[%clk 01:13:41]} {[%emt
00:02:17]} 12. Qd2 {[%clk 01:05:18]} {[%emt 00:15:01]} Nh7 {[%clk 01:13:36]}
{[%emt 00:00:34]} 13. Bh6 {[%clk 01:05:39]} {[%emt 00:00:10]} h4 {[%clk
01:12:32]} {[%emt 00:01:34]} 14. Nge2 {[%clk 01:05:50]} {[%emt 00:00:19]} Nd7
{[%clk 01:11:25]} {[%emt 00:01:37]} 15. Bxg7 {[%clk 01:03:14]} {[%emt
00:03:06]} Kxg7 {[%clk 01:11:24]} {[%emt 00:00:31]} 16. Nf4 {[%clk 01:01:36]}
{[%emt 00:02:09]} Ne5 {[%clk 01:07:13]} {[%emt 00:04:41]} 17. Be2 {[%clk
01:01:01]} {[%emt 00:01:05]} g5 {[%clk 00:50:18]} {[%emt 00:17:25]} 18. Nh5+
{[%clk 00:54:23]} {[%emt 00:07:07]} Kh8 {[%clk 00:49:56]} {[%emt 00:00:51]} 19.
f4 {[%clk 00:54:36]} {[%emt 00:00:18]} gxf4 {[%clk 00:47:36]} {[%emt 00:02:49]}
20. Qxf4 {[%clk 00:51:55]} {[%emt 00:03:12]} f5 {[%clk 00:46:08]} {[%emt
00:01:57]} 21. O-O {[%clk 00:46:42]} {[%emt 00:05:43]} Qe7 {[%clk 00:37:13]}
{[%emt 00:09:25]} 22. Qh6 {[%clk 00:42:35]} {[%emt 00:04:37]} Bd7 {[%clk
00:35:09]} {[%emt 00:02:35]} 23. exf5 {[%clk 00:42:05]} {[%emt 00:01:00]} Bxf5
{[%clk 00:32:08]} {[%emt 00:03:31]} 24. Rf4 {[%clk 00:42:21]} {[%emt 00:00:14]}
Rf7 {[%clk 00:30:50]} {[%emt 00:01:48]} 25. Raf1 {[%clk 00:38:02]} {[%emt
00:04:48]} Raf8 {[%clk 00:31:11]} {[%emt 00:00:09]} 26. h3 {[%clk 00:31:57]}
{[%emt 00:06:35]} Bg6 {[%clk 00:29:53]} {[%emt 00:01:48]} 27. Rxf7 {[%clk
00:30:49]} {[%emt 00:01:38]} Rxf7 {[%clk 00:30:16]} {[%emt 00:00:08]} 28. Rxf7
{[%clk 00:30:03]} {[%emt 00:01:16]} Qxf7 {[%clk 00:30:35]} {[%emt 00:00:11]} 29.
Nf4 {[%clk 00:30:29]} {[%emt 00:00:04]} Qf6 {[%clk 00:30:40]} {[%emt 00:00:25]}
30. Nxg6+ {[%clk 00:30:49]} {[%emt 00:00:10]} Nxg6 {[%clk 00:31:01]} {[%emt
00:00:08]} 31. Ne4 {[%clk 00:29:57]} {[%emt 00:01:22]} Qd4+ {[%clk 00:30:40]}
{[%emt 00:00:52]} 32. Nf2 {[%clk 00:30:16]} {[%emt 00:00:11]} Nf4 {[%clk
00:29:47]} {[%emt 00:01:23]} 33. Bf1 {[%clk 00:28:07]} {[%emt 00:02:39]} Nxd5
{[%clk 00:05:30]} {[%emt 00:24:48]} 34. Qxd6 {[%clk 00:27:36]} {[%emt
00:01:01]} b6 {[%clk 00:04:19]} {[%emt 00:01:40]} 35. Bd3 {[%clk 00:23:52]}
{[%emt 00:04:14]} Ndf6 {[%clk 00:04:06]} {[%emt 00:00:44]} 36. Qxd4 {[%clk
00:23:19]} {[%emt 00:01:02]} cxd4 {[%clk 00:04:30]} {[%emt 00:00:06]} 37. Bxa6
{[%clk 00:23:44]} {[%emt 00:00:04]} Kg7 {[%clk 00:04:29]} {[%emt 00:00:31]} 38.
Nd3 {[%clk 00:22:48]} {[%emt 00:01:27]} Ng5 {[%clk 00:04:37]} {[%emt 00:00:22]}
39. Ne5 {[%clk 00:14:28]} {[%emt 00:08:50]} Nfe4 {[%clk 00:03:03]} {[%emt
00:02:04]} 40. Nd7 {[%clk 00:13:23]} {[%emt 00:01:35]} Ne6 {[%clk 00:02:22]}
{[%emt 00:01:12]} 41. Nxb6 {[%clk 00:12:42]} {[%emt 00:01:10]} N6c5 {[%clk
00:29:35]} {[%emt 00:03:17]} 42. Be2 {[%clk 00:40:48]} {[%emt 00:02:24]} d3
{[%clk 00:29:49]} {[%emt 00:00:16]} 43. Bf3 {[%clk 00:40:45]} {[%emt 00:00:33]}
d2 {[%clk 00:29:18]} {[%emt 00:01:01]} 44. Kf1 {[%clk 00:40:34]} {[%emt
00:00:41]} Nd3 {[%emt 00:00:54]} 45. Nc4 {[%clk 00:40:54]} Ng3+ {[%clk
00:26:31]} {[%emt 00:03:03]} 46. Kg1 {[%clk 00:41:17]} {[%emt 00:00:06]} Ne4
{[%clk 00:26:53]} {[%emt 00:00:08]} 47. a5 {[%clk 00:41:27]} {[%emt 00:00:20]}
Nec5 {[%clk 00:25:55]} {[%emt 00:01:29]} 48. Nxd2 {[%clk 00:40:39]} {[%emt
00:01:18]} Nxb2 {[%clk 00:26:15]} {[%emt 00:00:10]} 49. Be2 {[%clk 00:40:52]}
{[%emt 00:00:16]} 1-0